<?xml version="1.0" encoding="UTF-8"?>
<record
    xmlns:xsi="http://www.w3.org/2001/XMLSchema-instance"
    xsi:schemaLocation="http://www.loc.gov/MARC21/slim http://www.loc.gov/standards/marcxml/schema/MARC21slim.xsd"
    xmlns="http://www.loc.gov/MARC21/slim">

  <leader>02976nam a22004337a 4500</leader>
  <controlfield tag="003">dpl</controlfield>
  <controlfield tag="005">2010032200170.0</controlfield>
  <controlfield tag="007">DVD</controlfield>
  <controlfield tag="008">050907s2005    cau105 g      00| 0 eng d</controlfield>
  <datafield tag="010" ind1=" " ind2=" ">
    <subfield code="a">DVD-007193-7201</subfield>
  </datafield>
  <datafield tag="024" ind1=" " ind2=" ">
    <subfield code="c">69.00</subfield>
  </datafield>
  <datafield tag="035" ind1=" " ind2=" ">
    <subfield code="a">DVD-007193-7201</subfield>
  </datafield>
  <datafield tag="040" ind1=" " ind2=" ">
    <subfield code="a">DPL</subfield>
    <subfield code="c">DPL</subfield>
  </datafield>
  <datafield tag="092" ind1=" " ind2=" ">
    <subfield code="a">DVD HUMA</subfield>
  </datafield>
  <datafield tag="245" ind1=" " ind2=" ">
    <subfield code="a">Human Nature</subfield>
    <subfield code="h">[videorecording]  DVD /</subfield>
    <subfield code="c">Diskovery Video &amp; laser Co. Pvt. Ltd. Presents</subfield>
  </datafield>
  <datafield tag="260" ind1=" " ind2=" ">
    <subfield code="b">Diskovery Video</subfield>
  </datafield>
  <datafield tag="300" ind1=" " ind2=" ">
    <subfield code="a">2 videocassette (VCD);</subfield>
    <subfield code="b">sd., col. ;</subfield>
    <subfield code="c">4-3/4 in.</subfield>
    <subfield code="f">VCD</subfield>
  </datafield>
  <datafield tag="440" ind1=" " ind2=" ">
    <subfield code="a">Diskovery Video</subfield>
  </datafield>
  <datafield tag="500" ind1=" " ind2=" ">
    <subfield code="a">World wide Winner - 2 Awards: Best Producer, Best Screenplay</subfield>
  </datafield>
  <datafield tag="538" ind1=" " ind2=" ">
    <subfield code="a">Dolby digital 5.1, English </subfield>
  </datafield>
  <datafield tag="538" ind1=" " ind2=" ">
    <subfield code="a">This is a Videio CD with digital audio, full Motion video and Play Back Controls Suitable for Video CD, LD, DVD Player and Multimedia PCs with MPEG card.</subfield>
  </datafield>
  <datafield tag="650" ind1=" " ind2=" ">
    <subfield code="a">Motion Picture</subfield>
  </datafield>
  <datafield tag="700" ind1=" " ind2=" ">
    <subfield code="a">Robbins, Tim</subfield>
  </datafield>
  <datafield tag="700" ind1=" " ind2=" ">
    <subfield code="a">Arquette, Patricia</subfield>
  </datafield>
  <datafield tag="700" ind1=" " ind2=" ">
    <subfield code="a">Ifans, Rhys</subfield>
  </datafield>
  <datafield tag="700" ind1=" " ind2=" ">
    <subfield code="a">Otto, Mirands</subfield>
  </datafield>
  <datafield tag="700" ind1=" " ind2=" ">
    <subfield code="a">Condry, Michel</subfield>
  </datafield>
  <datafield tag="942" ind1=" " ind2=" ">
    <subfield code="c">CF</subfield>
    <subfield code="2">ddc</subfield>
    <subfield code="h">DVD</subfield>
    <subfield code="m">HUMA</subfield>
  </datafield>
  <datafield tag="999" ind1=" " ind2=" ">
    <subfield code="c">34828</subfield>
    <subfield code="d">34828</subfield>
  </datafield>
  <datafield tag="952" ind1=" " ind2=" ">
    <subfield code="0">0</subfield>
    <subfield code="1">0</subfield>
    <subfield code="2">ddc</subfield>
    <subfield code="4">0</subfield>
    <subfield code="7">0</subfield>
    <subfield code="a">L</subfield>
    <subfield code="b">L</subfield>
    <subfield code="d">2010-03-22</subfield>
    <subfield code="e">Pioneers/1111/30-12-09/325/13-10-09 /30-12-09 </subfield>
    <subfield code="g">69.00</subfield>
    <subfield code="l">23</subfield>
    <subfield code="o">DVD HUMA</subfield>
    <subfield code="p">DVD-007193</subfield>
    <subfield code="r">2018-01-11 00:00:00</subfield>
    <subfield code="s">2018-01-09</subfield>
    <subfield code="t">1</subfield>
    <subfield code="v">69.00</subfield>
    <subfield code="w">2010-03-22</subfield>
    <subfield code="y">CF</subfield>
  </datafield>
  <datafield tag="952" ind1=" " ind2=" ">
    <subfield code="0">0</subfield>
    <subfield code="1">0</subfield>
    <subfield code="2">ddc</subfield>
    <subfield code="4">0</subfield>
    <subfield code="7">0</subfield>
    <subfield code="a">BL1</subfield>
    <subfield code="b">BL1</subfield>
    <subfield code="d">2010-03-22</subfield>
    <subfield code="e">Pioneers/1111/30-12-09/325/13-10-09 /30-12-09 </subfield>
    <subfield code="g">69.00</subfield>
    <subfield code="l">20</subfield>
    <subfield code="o">DVD HUMA</subfield>
    <subfield code="p">DVD-007194</subfield>
    <subfield code="r">2015-09-15 00:00:00</subfield>
    <subfield code="s">2015-06-20</subfield>
    <subfield code="t">1</subfield>
    <subfield code="v">69.00</subfield>
    <subfield code="w">2010-03-22</subfield>
    <subfield code="y">CF</subfield>
  </datafield>
  <datafield tag="952" ind1=" " ind2=" ">
    <subfield code="0">0</subfield>
    <subfield code="1">0</subfield>
    <subfield code="2">ddc</subfield>
    <subfield code="4">0</subfield>
    <subfield code="7">0</subfield>
    <subfield code="a">JP</subfield>
    <subfield code="b">JP</subfield>
    <subfield code="d">2010-03-22</subfield>
    <subfield code="e">Pioneers/1111/30-12-09/325/13-10-09 /30-12-09 </subfield>
    <subfield code="g">69.00</subfield>
    <subfield code="l">22</subfield>
    <subfield code="m">1</subfield>
    <subfield code="o">DVD HUMA</subfield>
    <subfield code="p">DVD-007195</subfield>
    <subfield code="r">2013-04-18 00:00:00</subfield>
    <subfield code="s">2013-04-04</subfield>
    <subfield code="t">1</subfield>
    <subfield code="v">69.00</subfield>
    <subfield code="w">2010-03-22</subfield>
    <subfield code="y">CF</subfield>
  </datafield>
  <datafield tag="952" ind1=" " ind2=" ">
    <subfield code="0">0</subfield>
    <subfield code="1">0</subfield>
    <subfield code="2">ddc</subfield>
    <subfield code="4">0</subfield>
    <subfield code="7">0</subfield>
    <subfield code="a">ZLS</subfield>
    <subfield code="b">ZLS</subfield>
    <subfield code="d">2010-03-22</subfield>
    <subfield code="e">Pioneers/1111/30-12-09/325/13-10-09 /30-12-09 </subfield>
    <subfield code="g">69.00</subfield>
    <subfield code="l">11</subfield>
    <subfield code="m">1</subfield>
    <subfield code="o">DVD HUMA</subfield>
    <subfield code="p">DVD-007196</subfield>
    <subfield code="r">2012-08-24 00:00:00</subfield>
    <subfield code="s">2012-06-11</subfield>
    <subfield code="t">1</subfield>
    <subfield code="v">69.00</subfield>
    <subfield code="w">2010-03-22</subfield>
    <subfield code="y">CF</subfield>
  </datafield>
  <datafield tag="952" ind1=" " ind2=" ">
    <subfield code="0">0</subfield>
    <subfield code="1">0</subfield>
    <subfield code="2">ddc</subfield>
    <subfield code="4">0</subfield>
    <subfield code="7">0</subfield>
    <subfield code="a">RKP</subfield>
    <subfield code="b">RKP</subfield>
    <subfield code="d">2010-03-22</subfield>
    <subfield code="e">Pioneers/1111/30-12-09/325/13-10-09 /30-12-09 </subfield>
    <subfield code="g">69.00</subfield>
    <subfield code="l">2</subfield>
    <subfield code="o">DVD HUMA</subfield>
    <subfield code="p">DVD-007197</subfield>
    <subfield code="r">2011-10-25 00:00:00</subfield>
    <subfield code="s">2011-10-03</subfield>
    <subfield code="t">1</subfield>
    <subfield code="v">69.00</subfield>
    <subfield code="w">2010-03-22</subfield>
    <subfield code="y">CF</subfield>
  </datafield>
  <datafield tag="952" ind1=" " ind2=" ">
    <subfield code="0">0</subfield>
    <subfield code="1">0</subfield>
    <subfield code="2">ddc</subfield>
    <subfield code="4">0</subfield>
    <subfield code="7">0</subfield>
    <subfield code="a">VP</subfield>
    <subfield code="b">VP</subfield>
    <subfield code="d">2010-03-22</subfield>
    <subfield code="e">Pioneers/1111/30-12-09/325/13-10-09 /30-12-09 </subfield>
    <subfield code="g">69.00</subfield>
    <subfield code="l">9</subfield>
    <subfield code="o">DVD HUMA</subfield>
    <subfield code="p">DVD-007198</subfield>
    <subfield code="r">2016-06-14 00:00:00</subfield>
    <subfield code="s">2016-05-31</subfield>
    <subfield code="t">1</subfield>
    <subfield code="v">69.00</subfield>
    <subfield code="w">2010-03-22</subfield>
    <subfield code="y">CF</subfield>
  </datafield>
  <datafield tag="952" ind1=" " ind2=" ">
    <subfield code="0">0</subfield>
    <subfield code="1">0</subfield>
    <subfield code="2">ddc</subfield>
    <subfield code="4">0</subfield>
    <subfield code="7">0</subfield>
    <subfield code="a">BL3</subfield>
    <subfield code="b">BL3</subfield>
    <subfield code="d">2010-03-22</subfield>
    <subfield code="e">Pioneers/1111/30-12-09/325/13-10-09 /30-12-09 </subfield>
    <subfield code="g">69.00</subfield>
    <subfield code="l">8</subfield>
    <subfield code="o">DVD HUMA</subfield>
    <subfield code="p">DVD-007199</subfield>
    <subfield code="r">2013-11-12 00:00:00</subfield>
    <subfield code="s">2013-10-22</subfield>
    <subfield code="t">1</subfield>
    <subfield code="v">69.00</subfield>
    <subfield code="w">2010-03-22</subfield>
    <subfield code="y">CF</subfield>
  </datafield>
  <datafield tag="952" ind1=" " ind2=" ">
    <subfield code="0">0</subfield>
    <subfield code="1">0</subfield>
    <subfield code="2">ddc</subfield>
    <subfield code="4">0</subfield>
    <subfield code="7">0</subfield>
    <subfield code="a">NR</subfield>
    <subfield code="b">NR</subfield>
    <subfield code="d">2010-03-22</subfield>
    <subfield code="e">Pioneers/1111/30-12-09/325/13-10-09 /30-12-09 </subfield>
    <subfield code="g">69.00</subfield>
    <subfield code="l">5</subfield>
    <subfield code="m">1</subfield>
    <subfield code="o">DVD HUMA</subfield>
    <subfield code="p">DVD-007200</subfield>
    <subfield code="r">2011-02-19 00:00:00</subfield>
    <subfield code="s">2011-01-21</subfield>
    <subfield code="t">1</subfield>
    <subfield code="v">69.00</subfield>
    <subfield code="w">2010-03-22</subfield>
    <subfield code="y">CF</subfield>
  </datafield>
  <datafield tag="952" ind1=" " ind2=" ">
    <subfield code="0">0</subfield>
    <subfield code="1">0</subfield>
    <subfield code="2">ddc</subfield>
    <subfield code="4">0</subfield>
    <subfield code="7">0</subfield>
    <subfield code="a">BL4</subfield>
    <subfield code="b">BL4</subfield>
    <subfield code="d">2010-03-22</subfield>
    <subfield code="e">Pioneers/1111/30-12-09/325/13-10-09 /30-12-09 </subfield>
    <subfield code="g">69.00</subfield>
    <subfield code="l">0</subfield>
    <subfield code="o">DVD HUMA</subfield>
    <subfield code="p">DVD-007201</subfield>
    <subfield code="r">2010-03-22 00:00:00</subfield>
    <subfield code="t">1</subfield>
    <subfield code="v">69.00</subfield>
    <subfield code="w">2010-03-22</subfield>
    <subfield code="y">CF</subfield>
  </datafield>
</record>
